So Long, Farewell Quiz Stats

 Plays Quiz Updated Apr 3, 2020

Support Sporcle.
Go Orange.
Score 0/7 Timer 03:00
0 Plays Today
Child Line % Correct
GretlThe sun has gone to bed and so must I
81.8%
LieslI'd like to stay and taste my first champagne
65.7%
FriedrichAdieu, adieu, to yieu and yieu and yieu
59%
MartaI hate to go and leave this pretty sight
41.7%
BrigittaI'm glad to go, I cannot tell a lie
37.2%
LouisaI flit, I float, I fleetly flee, I fly
30.5%
KurtI leave and heave a sigh and say goodbye -- Goodbye!
21.2%

You're not logged in!

Compare scores with friends on all Sporcle quizzes.
OR
Log In

From the Vault

Six Sixes in Sixty: Geography

by skipster73

We're pretty sure "60" only has one "6" in it. Or ten of them, if you're doing division.
Remove Ads.
Support Sporcle.
Get the best of Sporcle when you Go Orange. This ad-free experience offers more features, more stats, and more fun while also helping to support Sporcle. Thank you for becoming a member.

Show Comments

Extras

Top Quizzes Today


Score Distribution

Your Account Isn't Verified!

In order to create a playlist on Sporcle, you need to verify the email address you used during registration. Go to your Sporcle Settings to finish the process.

Report this User

Report this user for behavior that violates our Community Guidelines.

Details: